<?xml version="1.0" encoding="UTF-8"?>
<record
    xmlns:xsi="http://www.w3.org/2001/XMLSchema-instance"
    xsi:schemaLocation="http://www.loc.gov/MARC21/slim http://www.loc.gov/standards/marcxml/schema/MARC21slim.xsd"
    xmlns="http://www.loc.gov/MARC21/slim">

  <leader>00546nam a2200157 a 4500</leader>
  <controlfield tag="005">20140513081048.0</controlfield>
  <controlfield tag="008">020906s19uu    xx            00    eng d</controlfield>
  <datafield tag="050" ind1=" " ind2=" ">
    <subfield code="a">P 592</subfield>
    <subfield code="b">INV 2000</subfield>
  </datafield>
  <datafield tag="245" ind1=" " ind2=" ">
    <subfield code="a">Invertebrates.</subfield>
  </datafield>
  <datafield tag="260" ind1=" " ind2=" ">
    <subfield code="a">Johannesburg, South Africa :</subfield>
    <subfield code="b">The Chart Studio (Pty) Ltd,</subfield>
    <subfield code="c">2000.</subfield>
  </datafield>
  <datafield tag="300" ind1=" " ind2=" ">
    <subfield code="a">Poster</subfield>
  </datafield>
  <datafield tag="500" ind1=" " ind2=" ">
    <subfield code="a">All insects , crustaceans, molluscs, arachnids, cnidarians, protozoans, proferians and worms are invertibrates.</subfield>
  </datafield>
  <datafield tag="520" ind1=" " ind2=" ">
    <subfield code="a">Invertebrates are animals with no skull or backbon</subfield>
  </datafield>
  <datafield tag="650" ind1=" " ind2=" ">
    <subfield code="a">Animals</subfield>
  </datafield>
  <datafield tag="999" ind1=" " ind2=" ">
    <subfield code="c">116252</subfield>
    <subfield code="d">116252</subfield>
  </datafield>
  <datafield tag="952" ind1=" " ind2=" ">
    <subfield code="0">0</subfield>
    <subfield code="1">0</subfield>
    <subfield code="4">0</subfield>
    <subfield code="a">EL</subfield>
    <subfield code="b">EL</subfield>
    <subfield code="c">KIT</subfield>
    <subfield code="d">2002-09-06</subfield>
    <subfield code="e">Lib. Fund</subfield>
    <subfield code="g">75.00</subfield>
    <subfield code="l">0</subfield>
    <subfield code="o">P 592 INV 2000</subfield>
    <subfield code="p">E216</subfield>
    <subfield code="r">2014-05-13 00:00:00</subfield>
    <subfield code="w">2014-05-13</subfield>
    <subfield code="y">KIT</subfield>
  </datafield>
</record>
